| 000 | 04871 a2200373 4500 | ||
|---|---|---|---|
| 008 | 090523t xxu||||| |||| 00| 0 hin d | ||
| 010 | _aB-288748-757 | ||
| 020 |
_a9788187471424(भा-1) _c1395.00 |
||
| 020 |
_a9788187471431(भा-2) _c1195.00 |
||
| 020 | _a9788187471448 | ||
| 035 | _aB-288748-757 (भा-1 तथा भा-2) | ||
| 037 | _bस्टैण्डर्ड पब्लिशर्स | ||
| 040 |
_adpl _bHIN |
||
| 082 | _a615.538 | ||
| 100 | _aत्रिमल्लभट्ट आचार्य | ||
| 245 |
_aयोगतरंगिणीः _cत्रिमल्लभट्ट आचार्य; कमलेश्वर शर्मा द्वारा संपादित _bसंशोधित एवं संवर्धित शब्दानुक्रमणिका सहित / |
||
| 260 |
_aनई दिल्ली _bस्टैण्डर्ड पब्लिशर्स _c2008 |
||
| 270 |
_a225, गुप्ता प्लेस.ए-2/42,रजौरी गार्डन,मेन रोड(नजदीक मेट्रों स्टेशन) _bदिल्ली _e110027 |
||
| 300 |
_a400पृ. _c25सेमी (सजिल्द) |
||
| 300 |
_a328पृ. _b25सेमी (सजिल्द) |
||
| 700 | _aशर्मा, कमलेश्वर | ||
| 942 |
_adpl _cHN _k /त्रिमल्ल _2ddc _h615.538 _mत्रिमल्ल |
||
| 999 |
_c12470 _d12470 |
||